Every NBA Team Ever - Statistics

General Stats
  • This quiz has been taken 832 times
    388 since last reset
  • The average score is 37 of 74
Answer Stats
Team Years Active % Correct
Boston Celtics 1946-
88%
Los Angeles Lakers 1960-
87%
Miami Heat 1988-
85%
New York Knicks 1946-
84%
Oklahoma City Thunder 2008-
84%
Seattle SuperSonics 1967-2008
83%
Dallas Mavericks 1980-
82%
Orlando Magic 1989-
82%
Chicago Bulls 1966-
81%
Charlotte Hornets 1988-2002
80%
Charlotte Hornets 2014-
80%
Cleveland Cavaliers 1970-
80%
Memphis Grizzlies 2001-
80%
Brooklyn Nets 2012-
79%
Houston Rockets 1971-
79%
Milwaukee Bucks 1968-
79%
New Orleans Pelicans 2013-
79%
Philadelphia 76ers 1963-
79%
San Antonio Spurs 1976-
79%
Washington Wizards 1997-
79%
Golden State Warriors 1971-
78%
Indiana Pacers 1976-
78%
Toronto Raptors 1995-
78%
Portland Trail Blazers 1970-
77%
Atlanta Hawks 1968-
76%
Los Angeles Clippers 1984-
76%
Phoenix Suns 1968-
76%
Sacramento Kings 1985-
76%
Denver Nuggets 1949-1950
75%
Denver Nuggets 1976-
75%
Minnesota Timberwolves 1989-
75%
Utah Jazz 1979-
75%
Detroit Pistons 1957-
74%
New Jersey Nets 1977-2012
68%
Minneapolis Lakers 1948-1960
67%
Charlotte Bobcats 2004-2014
65%
Vancouver Grizzlies 1995-2001
64%
Washington Bullets 1974-1997
60%
New Orleans/Oklahoma City Hornets 2005-2007
59%
New Orleans Hornets 2002-2013
58%
New Orleans Jazz 1974-1979
51%
Philadelphia Warriors 1946-1962
41%
San Diego Clippers 1978-1984
38%
Baltimore Bullets 1947-1955
37%
Baltimore Bullets 1963-1973
37%
St. Louis Hawks 1955-1968
35%
Syracuse Nationals 1949-1963
35%
San Francisco Warriors 1962-1971
34%
Buffalo Braves 1970-1978
31%
Rochester Royals 1948-1957
31%
Cincinnati Royals 1957-1972
26%
Kansas City-Omaha Kings 1972-1975
25%
New York Nets 1976-1977
25%
Fort Wayne Pistons 1948-1957
24%
Kansas City Kings 1975-1985
24%
San Diego Rockets 1967-1971
17%
Chicago Zephyrs 1962-1963
14%
Chicago Stags 1946-1950
11%
Toronto Huskies 1946-1947
11%
Providence Steamrollers 1946-1949
10%
Tri-Cities Blackhawks 1949-1951
8%
Milwaukee Hawks 1951-1955
7%
Capital Bullets 1973-1974
6%
Chicago Packers 1961-1962
6%
Indianapolis Jets 1948-1949
6%
Washington Capitols 1946-1951
6%
Detroit Falcons 1946-1947
5%
St. Louis Bombers 1946-1950
5%
Cleveland Rebels 1946-1947
4%
Indianapolis Olympians 1949-1953
4%
Pittsburgh Ironmen 1946-1947
4%
Anderson Packers 1949-1950
3%
Sheboygan Red Skins 1949-1950
3%
Waterloo Hawks 1949-1950
3%
No matching quizzes found
Score Distribution
Percent of People with Each Score
Percentile by Number Answered
Your Score History
You have not taken this quiz since the last reset